=LDR 00000nam 2200000 4500 =001 INLIS000000000031578 =005 20130612133637 =008 ***********************************ind** =035 ##$$0010-061300000031578 =041 ##$$a ind =082 ##$$a 813 =090 ##$$a 813, Sum, p =100 ##$$a Sumartha =245 ##$$a Penghuni Hutan Tutupan, Sumartha =260 ##$$a 2007 $b Jakarta =300 ##$$a 59 hlm, ilus, 21 cm =650 ##$$a FIKSI ANAK =850 ##$$a NBPNMAT